Retórica / (Record no. 166335)

MARC details
000 -LEADER
fixed length control field 00751nam a22002177a 4500
005 - DATE AND TIME OF LATEST TRANSACTION
control field 20230227092834.0
008 - FIXED-LENGTH DATA ELEMENTS--GENERAL INFORMATION
fixed length control field 230227b spa ||||| |||| 00| 0 spa d
020 ## - INTERNATIONAL STANDARD BOOK NUMBER
International Standard Book Number 8424924940
Terms of availability
050 04 - LIBRARY OF CONGRESS CALL NUMBER
Classification number PA3893 .R4
Item number A75 2000
100 1# - MAIN ENTRY--PERSONAL NAME
Personal name Aristóteles
245 ## - TITLE STATEMENT
Title Retórica /
Statement of responsibility, etc Aristóteles ; introducción, traducción y notas por Quintín Racionero
Remainder of title
250 ## - EDITION STATEMENT
Edition statement 1a ed.
260 ## - PUBLICATION, DISTRIBUTION, ETC. (IMPRINT)
Place of publication, distribution, etc Madrid :
Name of publisher, distributor, etc Editorial Gredos,
Date of publication, distribution, etc 2000
300 ## - PHYSICAL DESCRIPTION
Extent 492 p. ;
Dimensions 23 cm.
440 #0 - SERIES STATEMENT/ADDED ENTRY--TITLE
Title Biblioteca clásica gredos ;
Volume number/sequential designation No. 31
500 ## - GENERAL NOTE
General note # 626 Donacion: Juan Alvarez Cienfuegos 25/ FEB./2020
504 ## - BIBLIOGRAPHY, ETC. NOTE
Bibliography, etc Incluye referencias bibliograficas e índice
650 #4 - SUBJECT ADDED ENTRY--TOPICAL TERM
Topical term or geographic name as entry element Retórica antigua
700 1# - ADDED ENTRY--PERSONAL NAME
Personal name Racionero, Quintín,
Relator term tr. y notas
-- tr,
942 ## - ADDED ENTRY ELEMENTS (KOHA)
Source of classification or shelving scheme Biblioteca del Cogreso de los Estados Unidos
Koha item type Libro
Holdings
Estado de pérdida Fuente de clasificación Estado del daño No para préstamo Ubicación permanente Ubicación actual Apartado o colección Fecha de adquisición Edición Área del conocimiento Total Checkouts Clasificación Código de Barras Date last seen Número de copia Costo por reposición Tipo de recurso
  Biblioteca del Cogreso de los Estados Unidos     Biblioteca de la Facultad de Filosofía Biblioteca de la Facultad de Filosofía General 27/02/2023 1a ed. Educación y Humanidades   PA3893 .R4 A75 2000 BFF000038851 27/02/2023 C.1 1.00 Libro